[Event "LIV Abierto Mexicano de Ajedrez"]
[Site "Aguascalientes MEX"]
[Date "2008.03.22"]
[Round "7"]
[White "Bruzon Batista,L"]
[Black "Capo Vidal,U"]
[Result "1-0"]
[WhiteElo "2607"]
[BlackElo "2338"]

1.c4 e6 2.Nc3 d5 3.d4 Be7 4.Nf3 Nf6 5.Bf4 O-O 6.e3 c5 7.dxc5 Bxc5 8.a3 Nc6
9.Qc2 Qa5 10.Nd2 Bb4 11.cxd5 exd5 12.Bd3 d4 13.O-O Bxc3 14.Nc4 Qh5 15.bxc3 dxc3
16.Bg3 Be6 17.Nd6 b6 18.Qxc3 Ne7 19.e4 Nd7 20.Rad1 Nc5 21.Bc2 Rad8 22.f4 f5
23.e5 Nd5 24.Qe1 Qg6 25.Rf3 Rd7 26.Bf2 Na6 27.Rd4 Kh8 28.Qd2 Ne7 29.Nxf5 Nxf5
30.Rxd7 Bxd7 31.Qxd7  1-0

[Event "LIV Abierto Mexicano de Ajedrez"]
[Site "Aguascalientes MEX"]
[Date "2008.03.23"]
[Round "9"]
[White "Tapie Amione,P"]
[Black "Capo Vidal,U"]
[Result "1/2-1/2"]
[WhiteElo "2179"]
[BlackElo "2338"]

1.d4 d5 2.c4 e6 3.Nc3 Nf6 4.Nf3 Be7 5.Bf4 c6 6.e3 Nbd7 7.h3 O-O 8.cxd5 Nxd5
9.Nxd5 exd5 10.Bd3 Re8 11.O-O Nf8 12.Qc2 Bd6 13.Bxd6 Qxd6 14.a3 Ng6 15.b4 a6
16.Bf5 Bxf5 17.Qxf5 Ne7 18.Qc2 Nc8 19.Qf5 Qg6 20.Qxg6 hxg6 21.a4 Nd6 22.Rab1 f6
23.Nd2 Kf7 24.Rfc1 Rec8 25.Kf1 Ke7 26.Ke2  1/2-1/2

[Event "XXXV Open"]
[Site "La Roda ESP"]
[Date "2008.03.23"]
[Round "9"]
[White "Pogorelov,R"]
[Black "Corrales Jimenez,F"]
[Result "1/2-1/2"]
[WhiteElo "2396"]
[BlackElo "2509"]

1.Nf3 Nf6 2.c4 e6 3.Nc3 d5 4.d4 Be7 5.Bf4 O-O 6.e3 c5 7.dxc5 Bxc5 8.cxd5 Nxd5
9.Nxd5 exd5 10.a3 Nc6 11.Bd3 Bb6 12.O-O d4 13.e4 Bg4 14.h3 Qf6 15.hxg4 Qxf4
16.Nh2 Ne5 17.g3 Qh6 18.Kg2 Rac8 19.f4 Nc4 20.Bxc4 Rxc4 21.Qd3 Qc6 22.Rf2 Rc8
23.Nf3 Rc2 24.Rf1 Qc4 25.Ne1 Rxf2+ 26.Rxf2 Qc1 27.Re2 h6 28.e5 Qc6+ 29.Qf3 a5
30.Nd3 Qd7 31.f5 a4 32.e6 fxe6 33.fxe6 Qc6  1/2-1/2

[Event "TCh-FRA Top 16 Gp A"]
[Site "Marseille FRA"]
[Date "2008.03.23"]
[Round "2"]
[White "Bacrot,E"]
[Black "Sokolov,And1"]
[Result "1/2-1/2"]
[WhiteElo "2700"]
[BlackElo "2594"]

1.d4 Nf6 2.c4 e6 3.Nf3 d5 4.Nc3 Be7 5.Bf4 O-O 6.e3 c5 7.dxc5 Bxc5 8.cxd5 Nxd5
9.Nxd5 exd5 10.Bd3 Bb4+ 11.Ke2 Nc6 12.Qc2 h6 13.Rhd1 Be6 14.Kf1 Rc8 15.Qe2 Bd6
16.Bxd6 Qxd6 17.Kg1 Ne5 18.Nd4 Ng4 19.Nf3 Ne5 20.Nd4 Ng4 21.g3 Ne5 22.Rac1 Bg4
23.f3 Bh5 24.Kg2 Rxc1 25.Rxc1 Nc6 26.Nxc6 bxc6 27.Qc2 Qf6 28.Be2 Bg6 29.Qc3 Qxc3
30.Rxc3 Rb8 31.b3 Bb1 32.a3 a5 33.Bd1 Rb6 34.Kf2 Kf8 35.Rc1 Bf5 36.Rc5 Ra6
37.Be2 Rb6 38.Bd1 Ra6 39.g4 Bd7 40.Ke2 Ke7 41.Kd3 Kd6 42.Kd4  1/2-1/2

[Event "ch-DEN"]
[Site "Silkeborg DEN"]
[Date "2008.03.23"]
[Round "9"]
[White "Matthiesen,A"]
[Black "Teplyi,I"]
[Result "1/2-1/2"]
[WhiteElo "2327"]
[BlackElo "2256"]

1.d4 d5 2.c4 e6 3.Nc3 Be7 4.Nf3 Nf6 5.Bf4 O-O 6.e3 Nbd7 7.c5 c6 8.h3 b6 9.b4 a5
10.a3 h6 11.Be2 Ba6 12.O-O Qc8 13.Re1 Qb7 14.Rb1 axb4 15.axb4 Bxe2 16.Rxe2 Ra3
17.Rc2  1/2-1/2

[Event "TCh-FRA Top 16 Gp B"]
[Site "Cannes FRA"]
[Date "2008.03.24"]
[Round "3"]
[White "Tkachiev,V"]
[Black "Riazantsev,A"]
[Result "1-0"]
[WhiteElo "2657"]
[BlackElo "2628"]

1.d4 Nf6 2.c4 e6 3.Nf3 d5 4.Nc3 Be7 5.Bf4 O-O 6.Qc2 Nbd7 7.cxd5 exd5 8.e3 c6
9.Bd3 Re8 10.h3 Nf8 11.Bh2 Bd6 12.Ne5 Qe7 13.O-O N6d7 14.f4 f6 15.e4 fxe5
16.fxe5 Nxe5 17.dxe5 Bxe5 18.exd5 Bxh2+ 19.Kxh2 Qe5+ 20.Kh1 cxd5 21.Qf2 Be6
22.Nb5 Re7 23.Rae1 Qg5 24.Nd4 Qf6 25.Qe3 Qh6 26.Nf5 Bxf5 27.Qxe7 Ng6 28.Qxb7  1-0

[Event "12th Neckar Open A"]
[Site "Deizisau GER"]
[Date "2008.03.24"]
[Round "8"]
[White "Bindrich,F"]
[Black "Graf,A"]
[Result "1-0"]
[WhiteElo "2497"]
[BlackElo "2586"]

1.d4 d5 2.Nf3 Nf6 3.c4 e6 4.Nc3 Be7 5.Bf4 O-O 6.e3 c5 7.dxc5 Bxc5 8.cxd5 exd5
9.Be2 Nc6 10.O-O Be6 11.Rc1 Rc8 12.a3 h6 13.Nb5 Be7 14.Nbd4 Qb6 15.Nxe6 fxe6
16.b4 a6 17.Bd3 Rcd8 18.Ne5 Bd6 19.Nxc6 bxc6 20.Bg3 Bxg3 21.hxg3 Nd7 22.Be2 Ra8
23.Rc3 a5 24.Qc2 Ne5 25.f4 axb4 26.axb4 Nd7 27.Kh2 Nf6 28.Bf3 Qxb4 29.Rxc6 Rae8
30.Rb1 Qa5 31.Rb7 Rf7 32.Rxf7 Kxf7 33.f5 Qd8 34.Rc7+ Re7 35.fxe6+ Kxe6 36.Rc6+ Kf7
37.Qf5 Rd7 38.Bh5+ Kg8 39.Bg6 Rc7 40.Rb6 Kh8 41.Re6 Ra7 42.Re8+ Qxe8 43.Bxe8  1-0

[Event "Sozina Open"]
[Site "Bar MNE"]
[Date "2008.03.30"]
[Round "2"]
[White "Milanovic,Sla"]
[Black "Krivokapic,M"]
[Result "1/2-1/2"]
[WhiteElo "2329"]
[BlackElo "2362"]

1.c4 e6 2.Nf3 Nf6 3.Nc3 d5 4.d4 Be7 5.Bf4 O-O 6.e3 a6 7.cxd5 exd5 8.h3 Nbd7
9.Rc1 c6 10.Bd3 Re8 11.O-O Nf8 12.Ne5 Bd6 13.Bh2 c5 14.Qd2 b5 15.f4 cxd4
16.exd4 Bb7 17.f5 Ne4 18.Qc2 Qb6 19.Nf3 Bxh2+ 20.Kxh2 Rac8 21.Qb3 Nd7 22.Qb4 Qh6
23.Rce1 Qf4+ 24.Kg1 Ng3 25.Rxe8+ Rxe8 26.Rd1 Qe3+ 27.Kh2 Qf4 28.Kg1 Re3  1/2-1/2

[Event "TCh-RUS Major League"]
[Site "Dagomys RUS"]
[Date "2008.04.03"]
[Round "1"]
[White "Rychagov,A"]
[Black "Lanin,A"]
[Result "1-0"]
[WhiteElo "2565"]
[BlackElo "2444"]

1.d4 Nf6 2.c4 e6 3.Nf3 d5 4.Nc3 Be7 5.Bf4 O-O 6.e3 c5 7.dxc5 Bxc5 8.Qc2 Qa5
9.a3 Nc6 10.Rd1 Rd8 11.Nd2 dxc4 12.Bxc4 Bd6 13.Nb3 Qc7 14.Rxd6 Rxd6 15.Nb5  1-0

[Event "TCh-RUS Major League"]
[Site "Dagomys RUS"]
[Date "2008.04.07"]
[Round "5"]
[White "Savchenko,S"]
[Black "Aveskulov,V"]
[Result "1/2-1/2"]
[WhiteElo "2560"]
[BlackElo "2535"]

1.d4 Nf6 2.Nf3 d5 3.c4 e6 4.Nc3 Be7 5.Bf4 O-O 6.e3 c5 7.dxc5 Bxc5 8.a3 Nc6
9.Qc2 Qa5 10.Rd1 Be7 11.Be2 dxc4 12.Bxc4 e5 13.Bg3 Bg4 14.O-O Rac8 15.Rc1 a6
16.Ba2 Bh5 17.Qb3 Qc7 18.Rfd1 Rfd8 19.h3 Rxd1+ 20.Rxd1 Rd8 21.Rxd8+ Bxd8
22.Nd2 Qb6 23.Qxb6 Bxb6 24.Nde4 Nxe4 25.Nxe4 Kf8 26.Nd6 f6 27.Kf1 Be8 28.Bd5 Bd7
29.Ke2 Ke7 30.Nxb7 Nd8 31.Nxd8 Bb5+ 32.Kd2 Bxd8 33.Be4 h6 34.Bd3 Bc6 35.f3 a5
36.b4 axb4 37.axb4 Kd6 38.Bf2 Bb6 39.Ke2 g5 40.g3 Bd7 41.e4 Bxf2 42.Kxf2 Be6
43.Ke3 Kc6 44.Bf1 Kb6 45.f4 Kc6 46.h4 gxf4+ 47.gxf4 Kb6 48.Kf3 Kc6 49.Kg3 Kb6
50.Bd3 Kc6 51.Be2 Kb6 52.fxe5 fxe5 53.Bg4 Bb3 54.Bd7 Bd1 55.Kf2 Bc2 56.Ke3 Ka6
57.Bc6 Kb6 58.Kd2 Bb3 59.Bd5 Ba4 60.Bc4 Bc6 61.Ke3 Be8 62.Kf3 Bd7 63.Kg3 Bc8
64.Kf3 Bd7 65.Kg3 Bc8 66.Be2 Be6 67.Bg4 Bb3 68.Bd7 Bd1 69.Be8 Bc2 70.Kf3 Bd1+
71.Ke3 Bg4 72.Ba4 Be6 73.Kf3 Bc8 74.Be8 Be6 75.Kg3 Bc8 76.Bg6 Bd7 77.Bf5 Ba4
78.Bg4 Bb3  1/2-1/2

[Event "10th Open"]
[Site "Dubai UAE"]
[Date "2008.04.10"]
[Round "5"]
[White "Sachdev,T"]
[Black "Neverov,V"]
[Result "0-1"]
[WhiteElo "2423"]
[BlackElo "2568"]

1.d4 d5 2.c4 e6 3.Nf3 Nf6 4.Nc3 Be7 5.Bf4 O-O 6.e3 Nbd7 7.cxd5 Nxd5 8.Nxd5 exd5
9.Be2 Bb4+ 10.Nd2 Nf6 11.O-O Re8 12.Qc2 c6 13.Bd3 Bd6 14.Bxd6 Qxd6 15.Nf3 g6
16.Rab1 Be6 17.b4 Rac8 18.a4 Nd7 19.Rfc1 Rc7 20.Nd2 Kg7 21.Qb2 Rec8 22.Rc3 f6
23.Qc2 Bf7 24.Nb3 Nb6 25.Nd2 Nd7 26.Nb3 Nb6 27.Nc5 Nc4 28.Bxc4 dxc4 29.Ne4 Qe7
30.Nd2 Bd5 31.e4 Bf7 32.Nxc4 Rd8 33.e5 Rxd4 34.exf6+ Qxf6 35.Ne3 Rcd7 36.Nf1 Be6
37.Rf3 Bf5 38.Qb2 R4d6 39.Qxf6+ Rxf6 40.Re1 Bc2 41.Ra3 Rf4 42.Ne3 Bd3 43.Rd1 Rfd4
44.f3 g5 45.Kf2 Bg6 46.Rxd4 Rxd4 47.Rb3 Kf6 48.a5 Ke5 49.Ke2 h5 50.b5 c5
51.b6 a6 52.Rc3 Kd6 53.Nc4+ Kd5 54.Ne3+ Kc6 55.Nc4 Kb5 56.Ne5 Bf5 57.g3 Ra4
58.Rb3+ Rb4 59.Rc3 Rb2+ 60.Ke3 Kxa5 61.Rxc5+ Kxb6 62.Rd5 Rb5 63.Nc4+ Kc6
64.Rd2 Rc5 65.Rd4 b5 66.Nd6 Bg6 67.f4 Rd5 68.Nc8 gxf4+ 69.gxf4 Rxd4 70.Kxd4 Kd7
71.Nb6+ Kd6 72.Nc8+ Ke6 73.Kc5 Bd3 74.Kb4 Kf5 75.Ne7+ Kxf4 76.Nc6 h4 77.Kc3 Be4
78.Nd4 Ke3 79.Nb3 Bd5  0-1

[Event "TCh-FRA Top 16 Gp A"]
[Site "Noyon FRA"]
[Date "2008.04.10"]
[Round "4"]
[White "Gozzoli,Y"]
[Black "Paci,C"]
[Result "1/2-1/2"]
[WhiteElo "2510"]
[BlackElo "2301"]

1.d4 d5 2.Nf3 Nf6 3.c4 e6 4.Nc3 Be7 5.Bf4 O-O 6.e3 b6 7.cxd5 Nxd5 8.Nxd5 Qxd5
9.Bd3 Qa5+ 10.Ke2 Ba6 11.a3 c5 12.b4 Bxd3+ 13.Qxd3 Qa4 14.Rhc1 Nd7 15.dxc5 bxc5
16.b5 Nb6 17.Ne5 Rfd8 18.Qb1 Bf6 19.Rxc5 Rd5 20.Qb4 Rxc5 21.Qxc5 Rd8 22.Rc1 Rd5
23.Qc7 Qxb5+ 24.Kf3 Nd7 25.Nxd7 Rxd7 26.Qc6 Qd3 27.g4 g5 28.Bg3 Kg7 29.a4 Rd5
30.Qa8 Ra5 31.Qc6 Qd5+ 32.Qxd5 exd5 33.Rd1 Kg6 34.Bc7 Rc5 35.Bd6 Ra5 36.Bc7 Rc5
37.Bd6 Ra5 38.Rd2 Rxa4 39.Rxd5 h5 40.h3 hxg4+ 41.hxg4 Ra2 42.Bb4 Rb2 43.Ba5 Ra2
44.Kg3 Ra3 45.Bb4 Rb3 46.Bd6 Bc3 47.Be7 f6 48.Rd7 a5 49.Ra7 Rb2 50.f4 gxf4+
51.exf4 Rb3 52.Kg2 Bd2 53.Ra6 Kf7 54.Bd6 Rd3 55.f5 Kg7 56.Be7 Bc3 57.Ra8 Be5
58.Ra7  1/2-1/2

[Event "TCh-FRA Top 16 Gp B"]
[Site "Montpellier FRA"]
[Date "2008.04.11"]
[Round "5"]
[White "Kazhgaleyev,M"]
[Black "Collas,D"]
[Result "1-0"]
[WhiteElo "2594"]
[BlackElo "2441"]

1.d4 d5 2.c4 e6 3.Nf3 Nf6 4.Nc3 Be7 5.Bf4 O-O 6.Qc2 c5 7.dxc5 Na6 8.Rd1 Nxc5
9.cxd5 exd5 10.e3 Qa5 11.Be2 Nce4 12.Be5 Bf5 13.Qb3 Bb4 14.a3 Bxc3+ 15.bxc3 Rac8
16.Qb4 Qxb4 17.cxb4 Nc3 18.Rc1 Nxe2 19.Kxe2 Ne4 20.Nd4 Bd7 21.Bc7 Ng5 22.Bd6 Rfe8
23.Rhd1 Ba4 24.Re1 Bd7 25.Kd3 f6 26.f3 Kf7 27.Kd2 g6 28.Rc5 Ne6 29.Nxe6 Kxe6
30.Bc7 Bc6 31.Bg3 Bd7 32.Rb1 b6 33.Rcc1 b5 34.Bc7 Re7 35.Rc5 Be8 36.Rbc1 h5
37.Kd3 h4 38.Kd4 g5 39.h3 Rd7 40.Rc6+ Kf5 41.Rxf6+ Kxf6 42.Be5+ Ke7 43.Rxc8 Rb7
44.f4 gxf4 45.exf4 Bf7 46.f5 Kd7 47.Rh8 a5 48.Rxh4 axb4 49.axb4 Ra7 50.Rh7  1-0

[Event "TCh-FRA Top 16 Gp B"]
[Site "Montpellier FRA"]
[Date "2008.04.11"]
[Round "5"]
[White "Relange,E"]
[Black "Neiman,E"]
[Result "1/2-1/2"]
[WhiteElo "2479"]
[BlackElo "2371"]

1.d4 d5 2.c4 e6 3.Nf3 Nf6 4.Nc3 Be7 5.Bf4 O-O 6.e3 c5 7.dxc5 Bxc5 8.Qc2 Nc6
9.a3 Qa5 10.Nd2 Be7 11.Rd1 h6 12.Be2 e5 13.Bg3 d4 14.Nb3 Qb6 15.Nd5 Nxd5  1/2-1/2

[Event "10th Open"]
[Site "Dubai UAE"]
[Date "2008.04.13"]
[Round "8"]
[White "AlHuwar,J"]
[Black "Mohota,N"]
[Result "0-1"]
[WhiteElo "2274"]
[BlackElo "2400"]

1.d4 d5 2.c4 e6 3.Nc3 Be7 4.Nf3 Nf6 5.Bf4 O-O 6.e3 b6 7.Qc2 Bb7 8.Bd3 dxc4
9.Bxc4 a6 10.O-O b5 11.Bd3 h6 12.Ne5 Nbd7 13.a4 b4 14.Ne4 b3 15.Nxf6+ gxf6
16.Qxb3 fxe5 17.Qxb7 exf4 18.Qe4 Nf6 19.Qxf4 Qd5 20.Qxh6 Qh5 21.Qf4 Bd6  0-1

[Event "Copenhagen Chess Challenge"]
[Site "Ballerup DEN"]
[Date "2008.04.19"]
[Round "6"]
[White "Glud,J"]
[Black "Grabarczyk,M"]
[Result "1/2-1/2"]
[WhiteElo "2456"]
[BlackElo "2493"]

1.d4 d5 2.c4 e6 3.Nf3 Nf6 4.Nc3 Be7 5.Bf4 O-O 6.e3 Nbd7 7.Rc1 c6 8.h3 b6
9.cxd5 cxd5 10.Qa4 a6 11.Nb5 Bb7 12.Nd6 b5 13.Nxb7 Qb6 14.Qb3 Qxb7 15.Bd3 Rfc8
16.O-O Nb6 17.Ne5 Nfd7 18.Ng4 Nc4 19.Rc2 Na5 20.Rxc8+ Rxc8 21.Qd1 Nc4 22.Qe2 Nf6
23.Rc1 Nxg4 24.hxg4 h6 25.Bb1 Nd6 26.Rd1 Bf8 27.Qd3 g6 28.f3 Nc4 29.Qe2 Qe7
30.Rc1 Nb6 31.Rxc8 Nxc8 32.Qc2 Qd7 33.Qc3 Nd6 34.Bd3 Qc8 35.Qxc8 Nxc8 36.Kf2 g5
37.Bc7 Bd6 38.Ba5 Ne7 39.Bb6 Nc6 40.Ke2 Kf8 41.a4 bxa4 42.Bxa6 a3 43.bxa3 Bxa3
44.Bb5 Ne7 45.Bc5 Bxc5 46.dxc5 Nc8 47.Kd3 Na7 48.Ba4 Ke7 49.Kd4 Nc8 50.Ke5 f6+
51.Kd4 Kd8 52.e4 dxe4 53.fxe4 Ne7 54.e5 f5 55.gxf5 Nxf5+ 56.Ke4 Ne7 57.Bb5 Kc7
58.Bc4 Kd7 59.Bb3 Nf5 60.c6+ Kxc6 61.Bxe6 Ne7 62.Bf7 Kd7 63.g4 Kc6 64.Kd4 Kd7
65.Kc5 Nc8 66.Bb3 Ne7 67.e6+ Ke8 68.Kd6 Kf8 69.Kd7 Ng8 70.Kd8 Ne7 71.Ba4 Ng8
72.Be8 Ne7 73.Bh5 Nd5 74.Bf7 Nf6 75.Bg6 Nd5 76.Be4 Ne7 77.Kd7 Ng8 78.Kd6 Ne7
79.Ke5 Kg7 80.Bf5 Nc8 81.Be4 Ne7 82.Bb7 Ng6+ 83.Kd6 Kf6  1/2-1/2

[Event "IX EICC"]
[Site "Plovdiv BUL"]
[Date "2008.04.22"]
[Round "2"]
[White "Miton,K"]
[Black "Collas,D"]
[Result "1-0"]
[WhiteElo "2620"]
[BlackElo "2446"]

1.d4 d5 2.c4 e6 3.Nc3 Be7 4.Nf3 Nf6 5.Bf4 O-O 6.e3 Nbd7 7.c5 Nh5 8.Bd3 Nxf4
9.exf4 c6 10.Qc2 h6 11.O-O b6 12.b4 a5 13.a3 Qc7 14.g3 Ba6 15.Bxa6 Rxa6 16.Qe2 Rfa8
17.b5 cxb5 18.Nxb5 Qc6 19.cxb6 Rxb6 20.a4 Rc8 21.Qe3 Qb7 22.f5 Bb4 23.Qd3 exf5
24.Qxf5 Rf6 25.Qd3 Re6 26.Rfc1 Rc4 27.Rc2 Rxc2 28.Qxc2 Qc6 29.Qd1 Qb7 30.Ra2 Rc6
31.Kg2 Rc8 32.Re2 Nb6 33.Ne5 Rb8 34.Rc2 Nxa4 35.Qf3 f6 36.Nc6 Qxb5 37.Nxb8 Qxb8
38.Qxd5+ Kh8 39.Qe6 Nc3 40.d5 Qb7 41.Qc6 Qe7 42.d6 Qe6 43.Rd2 Kh7 44.Rd4 f5
45.Qc4 Qxc4 46.Rxc4 Bxd6 47.Rxc3 Bb4 48.Rc6 Kg8 49.Ra6 Kf7 50.Kf3 g6 51.Kf4 Bd2+
52.Ke5 Bc3+ 53.Kd5 Be1 54.f3 Bb4 55.Rc6 Ba3 56.Rc3 Bb4 57.Rc7+ Kf6 58.Rc6+ Kf7
59.Ke5 a4 60.Rc4 Be7 61.Rxa4 Bf6+ 62.Kd5 Bb2 63.Rb4 Bc3 64.Rb7+ Kf6 65.Rb1 h5
66.Rb6+ Kf7 67.Rb7+ Kf6 68.f4 Ba1 69.Kd6 Bd4 70.Rb4 Bg1 71.Rb2 Bd4 72.Re2 Kf7
73.Re7+ Kf6 74.Kd7 Bc5 75.Re2 Kf7 76.Rc2 Bd4 77.Kd6 Ba1 78.Kd5 Kf6 79.Rc1 Bb2
80.Rb1 Bc3 81.Kc4 Bd2 82.Kd4 Ke6 83.Rb6+ Kf7 84.Rb2 Ba5 85.Rc2 Bd8 86.Kd5 h4
87.Rc8 hxg3 88.hxg3 Ba5 89.Ke5 Be1 90.Rc7+ Ke8 91.Ke6 Kf8 92.Kf6 Kg8 93.Rg7+  1-0

[Event "IX EICC"]
[Site "Plovdiv BUL"]
[Date "2008.04.22"]
[Round "2"]
[White "Tratar,M"]
[Black "Nikolaidis,K"]
[Result "1-0"]
[WhiteElo "2477"]
[BlackElo "2299"]

1.Nf3 Nf6 2.c4 e6 3.Nc3 d5 4.d4 Be7 5.Bf4 O-O 6.e3 c5 7.dxc5 Bxc5 8.cxd5 Nxd5
9.Nxd5 exd5 10.a3 Nc6 11.Bd3 Bb6 12.O-O Bg4 13.Qc2 Bxf3 14.gxf3 h6 15.Bg3 Qf6
16.f4 Rac8 17.Qe2 Na5 18.Rac1 Nb3 19.Rxc8 Rxc8 20.Bb1 g6 21.f5 g5 22.Qd3 Nc1
23.Qd2 Qc6 24.Be5 Qc4 25.Re1 Nb3 26.Qd3 Qxd3 27.Bxd3 Nd2 28.Kg2 Nc4 29.Bxc4 dxc4
30.Bc3 Rd8 31.Kf3 Bc7 32.Rg1 Kf8 33.h4 gxh4 34.Rh1 Rd6 35.Rxh4 Rc6 36.f6 a5
37.Rxh6 Ke8 38.Rh8+ Kd7 39.Rf8 Ke6 40.Re8+ Kf5 41.e4+  1-0

[Event "IX EICC w"]
[Site "Plovdiv BUL"]
[Date "2008.04.22"]
[Round "2"]
[White "Golubenko,Valen"]
[Black "Nikolaidou,E"]
[Result "1-0"]
[WhiteElo "2254"]
[BlackElo "1817"]

1.Nf3 Nf6 2.d4 d5 3.c4 e6 4.Nc3 Be7 5.Bf4 O-O 6.e3 Nbd7 7.cxd5 exd5 8.Bd3 c6
9.h3 Re8 10.O-O Nf8 11.Qc2 Ne6 12.Be5 g6 13.Bxf6 Bxf6 14.b4 a6 15.a4 Qd6
16.Qb3 Be7 17.b5 axb5 18.axb5 Ra3 19.Rxa3 Qxa3 20.Rb1 Qd6 21.Bf1 Ng7 22.Na4 Qf6
23.Ne5 Bd6 24.bxc6 bxc6 25.Nxc6 Bg3 26.fxg3 Qxc6 27.Bb5 Qe6 28.Bxe8 Nxe8
29.Nc5 Qe7 30.Qxd5 Qxe3+ 31.Kh2 Bf5 32.Rb7  1-0

[Event "IX EICC"]
[Site "Plovdiv BUL"]
[Date "2008.04.23"]
[Round "3"]
[White "Potkin,V"]
[Black "Jojua,D"]
[Result "1/2-1/2"]
[WhiteElo "2617"]
[BlackElo "2463"]

1.d4 d5 2.c4 e6 3.Nc3 Be7 4.Nf3 Nf6 5.Bf4 c5 6.dxc5 Bxc5 7.e3 Nc6 8.cxd5 Nxd5
9.Nxd5 exd5 10.a3 Qf6 11.Qc2 Bb6 12.Rd1 Bf5 13.Bd3 Bg4 14.Be2 Bf5 15.Bd3 Bg4
16.Be2 Bf5 17.Qb3 Be4 18.O-O O-O 19.Bg3 Rac8 20.Nd2 Bg6 21.Nf3 Be4 22.Nd2 Bg6
23.Nf3 Be4 24.Nd2 Bg6  1/2-1/2

[Event "TCh-HUN 2007-8"]
[Site "Budapest HUN"]
[Date "2008.04.27"]
[Round "10"]
[White "Lorincz,I"]
[Black "Joo,G"]
[Result "1-0"]
[WhiteElo "2315"]
[BlackElo "2126"]

1.d4 d5 2.Nf3 Nf6 3.c4 e6 4.Nc3 Be7 5.Bf4 c6 6.e3 O-O 7.Qc2 Nbd7 8.cxd5 Nxd5
9.Bg3 N7f6 10.Be2 Re8 11.O-O h6 12.e4 Nxc3 13.bxc3 Nh5 14.Be5 Nf6 15.Rad1 Qa5
16.Nd2 Qd8 17.a4 b6 18.Bxf6 Bxf6 19.e5 Be7 20.Qe4 Qd5 21.Qg4 Bb7 22.Bc4 Qd7
23.f4 b5 24.Ba2 bxa4 25.f5 Bg5 26.Ne4 exf5 27.Rxf5 Bc8 28.Rdf1 Re7 29.e6 fxe6
30.Rf8+ Kh7 31.Nxg5+  1-0

[Event "IX EICC"]
[Site "Plovdiv BUL"]
[Date "2008.04.30"]
[Round "9"]
[White "Meier,Geo"]
[Black "Sulashvili,M"]
[Result "1-0"]
[WhiteElo "2560"]
[BlackElo "2491"]

1.d4 d5 2.c4 e6 3.Nc3 Be7 4.Nf3 Nf6 5.Bf4 O-O 6.e3 Nbd7 7.a3 c5 8.cxd5 Nxd5
9.Nxd5 exd5 10.dxc5 Nxc5 11.Be5 Bf6 12.Bxf6 Qxf6 13.Qd4 Qd6 14.Bd3 h6 15.Bc2 Be6
16.O-O Rfd8 17.Rfc1 Nd7 18.h3 Qb6 19.Ba4 Qxd4 20.Nxd4 Nb6 21.Bb3 Rac8 22.Kf1 Bd7
23.Ke2 g6 24.Kd2 Kf8 25.h4 h5 26.Re1 Rc5 27.Rac1 Rdc8 28.Rxc5 Rxc5 29.Ba2 Ke7
30.e4 dxe4 31.Rxe4+ Kf8 32.Rf4 f5 33.Ne6+ Bxe6 34.Bxe6 Ke7 35.Ba2 Nd7 36.b4 Rc6
37.Rc4 Rd6+ 38.Kc2 Re6 39.Rd4 Rc6+ 40.Rc4 Re6 41.Rd4 Rc6+ 42.Kd2 Ne5 43.f4 Nd7
44.Bd5 Rd6 45.Rd3 b5 46.Bf3 Nf6 47.Kc3 Re6 48.Kb3 Ne4 49.a4 Rd6 50.Rxd6 Kxd6
51.axb5 Nd2+ 52.Kc3 Nxf3 53.gxf3 Kc7 54.Kd4 Kb6 55.Kc4 Kb7 56.Kc5  1-0

[Event "IX EICC"]
[Site "Plovdiv BUL"]
[Date "2008.05.01"]
[Round "10"]
[White "Buhmann,R"]
[Black "Efimov,Ig"]
[Result "1-0"]
[WhiteElo "2569"]
[BlackElo "2469"]

1.Nf3 Nf6 2.c4 e6 3.Nc3 d5 4.d4 Be7 5.Bf4 O-O 6.e3 Nbd7 7.c5 c6 8.Bd3 b6
9.b4 bxc5 10.bxc5 Qa5 11.Qc2 Ne4 12.Rc1 f5 13.Ne5 Nxe5 14.Bxe5 Bf6 15.Bxf6 Nxf6
16.O-O Ba6 17.Bxa6 Qxa6 18.Ne2 Rae8 19.Rb1 e5 20.Rb4 e4 21.Ra4 Qb7 22.Rb1 Qc7
23.Rab4 Re7 24.Qb3 Ng4 25.g3 g5 26.Rb8 Qa5 27.Rxf8+ Kxf8 28.Qb8+ Kg7 29.Qd6 Rf7
30.Qxc6 Qxa2 31.Qb5 f4 32.exf4 gxf4 33.gxf4 Qa3 34.Qb3 Qa6 35.Qxd5 h6 36.Ng3 e3
37.fxe3 Qd3 38.Qe4 Qd2  1-0

[Event "ch-UZB"]
[Site "Tashkent UZB"]
[Date "2008.05.02"]
[Round "9"]
[White "Safin,S"]
[Black "Barsov,A"]
[Result "1/2-1/2"]
[WhiteElo "2481"]
[BlackElo "2480"]

1.d4 Nf6 2.c4 e6 3.Nc3 d5 4.Nf3 Be7 5.Bf4 O-O 6.e3 Nbd7 7.cxd5 Nxd5 8.Nxd5 exd5
9.a3 Nf6 10.Bd3 c6 11.Qc2 Bg4 12.Ne5 Bh5 13.f3 Bg6 14.Nxg6 hxg6 15.Bg3  1/2-1/2

[Event "Victory Day A"]
[Site "Moscow RUS"]
[Date "2008.05.04"]
[Round "11"]
[White "Bagirov,R"]
[Black "Manakova,M"]
[Result "1-0"]
[WhiteElo "2488"]
[BlackElo "2332"]

1.d4 d5 2.Nf3 e6 3.c4 Nf6 4.Nc3 Be7 5.Bf4 O-O 6.e3 a6 7.c5 b6 8.b4 a5 9.a3 Ne4
10.Nxe4 dxe4 11.Nd2 Bb7 12.Bb5 axb4 13.axb4 Rxa1 14.Qxa1 Nc6 15.Bxc6 Bxc6
16.O-O Qd5 17.Qc3 Bb5 18.Ra1 bxc5 19.bxc5 c6 20.Ra7 Re8 21.Qa3 h6 22.Be5 Bd3
23.h3 Bf6 24.Ra8 Rxa8 25.Qxa8+ Kh7 26.Bxf6 gxf6 27.Qf8 e5 28.dxe5 fxe5 29.f3 Qa2
30.Nxe4 Bxe4 31.fxe4 Qb3 32.Kh2 Qe6 33.Qd6 Qb3 34.Qf6 Qc3 35.Qxf7+ Kh8 36.Qf6+ Kh7
37.Qxc6 Qxe3 38.Qc7+  1-0

[Event "43rd Capablanca Memorial Open"]
[Site "Havana CUB"]
[Date "2008.05.09"]
[Round "2"]
[White "Miranda,Y"]
[Black "Capo Vidal,U"]
[Result "0-1"]
[WhiteElo "2177"]
[BlackElo "2342"]

1.d4 d5 2.c4 e6 3.Nc3 Be7 4.Nf3 Nf6 5.Bf4 O-O 6.e3 Nbd7 7.h3 c6 8.Qc2 Re8
9.Bd3 dxc4 10.Bxc4 b5 11.Bd3 Nf8 12.O-O Bb7 13.a3 Qb6 14.Ng5 Ng6 15.Bh2 Rec8
16.Nge4 Nxe4 17.Nxe4 c5 18.dxc5 Bxc5 19.Qe2 Be7 20.Rfc1 b4 21.axb4 Qxb4 22.f3 a5
23.Bg3 Qb6 24.Kh1 Nh4 25.Nc3 Nf5 26.Bf2 Bf6 27.Nb5 Bh4 28.Bxh4 Nxh4 29.Nd4 Ng6
30.Qd2 Rd8 31.Ra3 Bd5 32.Qc3 a4 33.Rca1 Rac8 34.Qd2 e5 35.Ne2 Bb3 36.Nc1 e4
37.fxe4 Ne5 38.Qe2 Rxc1+ 39.Rxc1 Nxd3 40.Rc3 Nc5 41.Ra1 Nxe4 42.Rd3 Rxd3
43.Qxd3 Nd6 44.Rc1 h6  0-1

[Event "Kaupthing Open"]
[Site "Differdange LUX"]
[Date "2008.05.10"]
[Round "1"]
[White "Berend,F"]
[Black "Urbaniak,P"]
[Result "1-0"]
[WhiteElo "2350"]
[BlackElo "2005"]

1.d4 d5 2.c4 e6 3.Nc3 Nf6 4.Nf3 Be7 5.Bf4 c6 6.e3 O-O 7.Qc2 Nbd7 8.Rc1 Re8
9.h3 Qa5 10.a3 dxc4 11.Bxc4 Nd5 12.Bd3 Nxf4 13.Bxh7+ Kh8 14.exf4 Nf6 15.Bd3 Nd5
16.Qd2 g6 17.O-O Kg7 18.Rfe1 a6 19.Ne5 Bd6 20.g3 Qd8 21.Ne4 Be7 22.Bb1 f6
23.Nf3 e5 24.dxe5 Bxh3 25.exf6+ Bxf6 26.Nfg5 Bg4 27.Ba2 Bxg5 28.Nxg5 Qd7
29.Bxd5 cxd5 30.Qd4+ Kg8 31.Kg2 Rad8 32.Rh1 Bh5 33.Rce1 Qc6 34.Nf3 Qc4 35.Rxe8+ Rxe8
36.Qxc4 dxc4 37.Ne5  1-0

[Event "43rd Capablanca Memorial Open"]
[Site "Havana CUB"]
[Date "2008.05.10"]
[Round "3"]
[White "Gongora Reyes,M"]
[Black "Hernandez Onna,R"]
[Result "0-1"]
[WhiteElo "2422"]
[BlackElo "2349"]

1.d4 Nf6 2.c4 e6 3.Nf3 d5 4.Nc3 Be7 5.Bf4 O-O 6.e3 c5 7.dxc5 Bxc5 8.Qc2 Nc6
9.a3 Be7 10.O-O-O Qa5 11.Kb1 Bd7 12.h4 Rfd8 13.Ng5 Be8 14.Bd3 h6 15.Nf3 dxc4
16.Bxc4 Rxd1+ 17.Rxd1 Rd8 18.Rxd8 Qxd8 19.g3 Ng4 20.Qe2 e5 21.Ne1 Qd7 22.f3 Nf6
23.Bg5 hxg5 24.hxg5 Qf5+  0-1

[Event "ENCI Limburg Open"]
[Site "Maastricht NED"]
[Date "2008.05.11"]
[Round "4"]
[White "Lammens,Tim"]
[Black "Richter,Gera"]
[Result "1-0"]
[WhiteElo "2294"]
[BlackElo "2150"]

1.c4 e6 2.Nf3 Nf6 3.Nc3 d5 4.d4 Be7 5.Bf4 O-O 6.Qc2 c5 7.dxc5 Qa5 8.Bd6 Bxd6
9.cxd6 Ne4 10.Rd1 Nxc3 11.Qxc3 Qxa2 12.c5 Qa4 13.b3 Qe8 14.e3 b6 15.b4 a5
16.b5 bxc5 17.Qxc5 Nd7 18.Qc7 Qd8 19.Rc1 Rb8 20.Bd3 Rb7 21.Qxd8 Rxd8 22.Nd4 Nb6
23.Nc6 Rxd6 24.Nxa5 Ra7 25.Nc6 Rc7 26.Ke2 Bb7 27.Ne5 Rxc1 28.Rxc1 f6 29.Rc7 Ba8
30.Nc6 Rd7 31.Rxd7 Nxd7 32.Kd2 h6 33.Kc3 Kf8 34.Kb4 f5 35.Ka5 Ke8 36.f4 Nf6
37.Nd4 Kd7 38.b6 Ne8 39.Bb5+  1-0

[Event "43rd Capablanca Memorial Open"]
[Site "Havana CUB"]
[Date "2008.05.12"]
[Round "5"]
[White "Iturrizaga,E"]
[Black "Capo Vidal,U"]
[Result "1-0"]
[WhiteElo "2534"]
[BlackElo "2342"]

1.d4 d5 2.c4 e6 3.Nc3 Be7 4.Nf3 Nf6 5.Bf4 O-O 6.e3 Nbd7 7.Qc2 c6 8.O-O-O a5
9.Kb1 a4 10.e4 dxe4 11.Nxe4 Nxe4 12.Qxe4 Nf6 13.Qc2 b5 14.c5 b4 15.Ne5 Bb7
16.Bc4 Nd5 17.Bd2 Bf6 18.Bd3 Bxe5 19.dxe5 b3 20.Bxh7+ Kh8 21.Qd3 Qh4 22.Be4 bxa2+
23.Ka1 Ba6 24.Qf3 f5 25.Bxd5 cxd5 26.Bc3 Qg4 27.Qe3 Bc4 28.f3 Qg6 29.h4 f4
30.Qf2 Rab8 31.h5 Qf5 32.h6 g5 33.c6 Rf7 34.Qc5 a3 35.Qxa3 Rc8 36.Qd6 Bb5
37.Rxd5 Bxc6 38.Rc5 Bb7 39.Rxc8+ Bxc8 40.Qb8 Rf8 41.Bb4 Re8 42.Rc1 Qh7 43.Kxa2 Qd7
44.Qc7 Qd5+ 45.Kb1 Qd3+ 46.Ka1 Bd7 47.Qd6 Ra8+ 48.Ba3 Qxd6 49.exd6 Ra7 50.Rc5 Kh7
51.Rxg5 Kxh6 52.Rc5 Kg6 53.Kb1 Kf6 54.Bb4 e5 55.Bc3 Be8 56.Rxe5  1-0

[Event "Frank K Berry ch-USA"]
[Site "Tulsa USA"]
[Date "2008.05.13"]
[Round "1"]
[White "Akobian,V"]
[Black "Ippolito,D"]
[Result "1/2-1/2"]
[WhiteElo "2601"]
[BlackElo "2425"]

1.d4 d5 2.c4 e6 3.Nc3 Be7 4.Nf3 Nf6 5.Bf4 O-O 6.e3 c5 7.dxc5 Bxc5 8.a3 Nc6
9.Qc2 Be7 10.O-O-O Qa5 11.Nd2 Qb6 12.g4 d4 13.Na4 Qa5 14.g5 Ng4 15.Ne4 e5
16.Bg3 dxe3 17.Rd5 Qe1+ 18.Rd1 Qa5 19.Rd5 Qe1+ 20.Rd1 Qa5  1/2-1/2